MÜSLÜMANLARIN TARİHİ 3 (Kayıt no. 653011)

MARC ayrıntıları
000 -LEADER
sabit uzunluktaki kontrol alanı 00256nam a2200097Ia 4500
001 - KONTROL NUMARASI
kontrol alanı 653011
005 - EN SON İŞLEMİN TARİH VE ZAMANI
kontrol alanı 20250826154449.0
008 - SABİT-UZUNLUKTA VERİ ÖĞELERİ--GENEL BİLGİ
sabit uzunluktaki kontrol alanı 250824s9999 xx 000 0 und d
245 #0 - ESER / YAZAR
ESER ADI MÜSLÜMANLARIN TARİHİ 3
Yazar Adı İHSAN SÜREYYA SIRMA
260 ## - YAYIN, DAĞITIM, VB.
YAYIN EVİ BEYAN YAYINLARI
Mevcut
Düşüm durumu Kayıp durumu Hasar Durumu Ödünç verilmez Ana kütüphane Geçerli Kütüphane Edinilen tarih Toplam ödünç verme sayısı Barkod Son görüntüleme tarihi Fiyatın geçerli olmaya başladığı tarih Koha materyal türü
        ŞEHİT ABDULLAH TAYYİP OLÇOK İMAM HATİP ORTAOKULU ŞEHİT ABDULLAH TAYYİP OLÇOK İMAM HATİP ORTAOKULU 24.08.2025   1009387 26.08.2025 26.08.2025 Kitaplar
Gemini Bilgi Teknolojileri A.Ş. tarafından düzenlenmiştir.